000 01371nam a2200325 c 4500
003 BLK
005 20180422102424.0
008 180408b bul|||||r ||||||| ||bul||
010 _aKNG00065310000
040 _aBLK
041 _aBUL
_cBUL
080 _aВътрешни болести
_b616.1/.4
_x(075.8)
_z616.1/.4(075.8)
700 1 _aМалеев, Атанас
_eред.
_9363634
700 1 _aДенев, Кольо Денчев
_eавт. на том
_9290324
139 _aВътрешни болести
_bВ 98
245 1 0 _aВътрешни болести
_bУчебник за студентите по медицина : Т. 1 -
_cред. Атанас Малеев; авт. на том Кольо Денчев Денев.
_nТ. 1
_pПропедевтика на вътрешните болести
257 _aBGR
260 София
_bМедицина и физкултура
_c1984
300 _c25 см
380 _a61
650 4 _aВътрешни болести - учебници за ВУЗ
_9244372
653 _aвътрешни болести
653 _aпропедевтика
760 1 _d1984
_h551 с. : с ил.
_tТ. 1 Пропедевтика на вътрешните болести
852 _aЦб 128965
856 4 _qpdf
_u
856 4 _qpdf
_u
942 _cKNG
_n0
944 _aCR
_c13.06.2004
_kГеновева_Генчева
944 _aED
_c19.06.2006
_k
999 _c61117
_d61117